PHARMACEUTICAL DOSAGE FORMS PARENTERAL MEDICATIONS (Record no. 26961)
[ view plain ]
| 000 -LEADER | |
|---|---|
| fixed length control field | 00443nam a22001697a 4500 |
| 003 - CONTROL NUMBER IDENTIFIER | |
| control field | SGT |
| 020 ## - INTERNATIONAL STANDARD BOOK NUMBER | |
| International Standard Book Number | 139781420086539 |
| 082 ## - DEWEY DECIMAL CLASSIFICATION NUMBER | |
| Classification number | 615.19 |
| Item number | P10N |
| 100 ## - MAIN ENTRY--PERSONAL NAME | |
| Personal name | NEMA, SANDEEP,ed. |
| 245 ## - TITLE STATEMENT | |
| Title | PHARMACEUTICAL DOSAGE FORMS PARENTERAL MEDICATIONS |
| 250 ## - EDITION STATEMENT | |
| Edition statement | 3RD |
| 260 ## - PUBLICATION, DISTRIBUTION, ETC. (IMPRINT) | |
| Place of publication, distribution, etc | LONDON |
| Name of publisher, distributor, etc | INFORMA |
| Year of Publication | 2010 |
| 300 ## - PAGE DESCRIPTION | |
| No. of Pages | 405, 396, 304 |
| 650 ## - SUBJECT ADDED ENTRY--TOPICAL TERM | |
| Topical term or geographic name as entry element | PHARMACY |
| 653 ## - KEYWORDS--INDEX TERM | |
| Keyword term | PHARMACEUTICS, DOSAGE, FORMS, PARENTERAL, MEDICATIONS |
| 942 ## - ADDED ENTRY ELEMENTS (KOHA) | |
| Source of classification or shelving scheme | Dewey Decimal Classification |
| Koha item type | Books |
| Withdrawn status | Lost status | Source of classification or shelving scheme | Damaged status | Use restrictions | Not for loan | Collection code | Home library | Current library | Shelving location | Date acquired | Vendor Name | Cost, normal purchase price | Volume Information (Serial or Books or Non-Book Material) | SGTU | Bill Number | Full call number | Accession No. (Barcode) | Date last seen | Bill Date | Koha item type |
|---|---|---|---|---|---|---|---|---|---|---|---|---|---|---|---|---|---|---|---|---|
| Dewey Decimal Classification | Restricted Access | PHARMACY | SGT FA-FP Library | SGT FA-FP Library | Reference Book | 25/09/2024 | AHUJA PUB. | 16995.00 | 1 | SGTU | 19381 | 615.19 P10N | FP4982 | 25/09/2024 | 13/08/2024 | Books | ||||
| Dewey Decimal Classification | Restricted Access | PHARMACY | SGT FA-FP Library | SGT FA-FP Library | Reference Book | 25/09/2024 | AHUJA PUB. | 16995.00 | 2 | SGTU | 19381 | 615.19 P10N | FP4983 | 25/09/2024 | 13/08/2024 | Books | ||||
| Dewey Decimal Classification | Restricted Access | PHARMACY | SGT FA-FP Library | SGT FA-FP Library | Reference Book | 25/09/2024 | AHUJA PUB. | 16995.00 | 3 | SGTU | 19381 | 615.19 P10N | FP4984 | 25/09/2024 | 13/08/2024 | Books |